000 00289nam a2200109Ia 4500
008 250601s9999 xx 000 0 und d
041 _aeng
100 _aSanskrutik Vatapatra
_9212311
245 _aYugpravartak Dr. hedgevar
260 _bSanskruti Jgaran mandal, pune
_c2014
300 _a271
999 _c366866
_d366866